000 00318 a2200133 4500
005 20250709071832.0
020 _a978-1-399-80619-0
082 _a951.93052 HOP
100 _aHOPE, B
245 _aThe Rebel and the Kingdom
260 _aLondon
_bHodder &Stoughton
_c2022
300 _a239p.;ill
_c20cm.
942 _2ddc
_cBKS
999 _c6621
_d6621